LEADER 01186nam a2200301 i 4500 001 991000878329707536 005 20020507102657.0 008 960326s1970 us ||| | eng 035 $ab10142393-39ule_inst 035 $aLE00638451$9ExL 040 $aDip.to Fisica$bita 084 $a53(082.2) 084 $a53.0.62 084 $a53.0.64 111 2 $aTechnical Colloquium on cryogenics and infrared detection$0461554 245 10$aCryogenics and infrared detection :$bproceedings of a Technical Colloquium, April 17-18, 1969, Frankfurt-am-Main, West Germany /$cedited by Walter H. Hogan, Trevor S. Moss 260 $aCambridge, MA :$bBoston Technical Publ.,$c1970 300 $a445 p. :$bill. ;$c29 cm. 650 4$aCryogenics$xCongresses 650 4$aInfra-red detectors$xCongresses 700 1 $aHogan, Walter H. 700 1 $aMoss, Trevor S. 907 $a.b10142393$b21-09-06$c27-06-02 912 $a991000878329707536 945 $aLE006 53.0.62 HOG$g1$i2006000010085$lle006$o-$pE0.00$q-$rl$s- $t0$u0$v0$w0$x0$y.i10169301$z27-06-02 996 $aCryogenics and infrared detection$9187052 997 $aUNISALENTO 998 $ale006$b01-01-96$cm$da $e-$feng$gus $h0$i1 LEADER 02564oam 2200757 450 001 9910706763103321 005 20180110080741.0 035 $a(CKB)5470000002457825 035 $a(OCoLC)896810077 035 $a(OCoLC)995470000002457825 035 $a(EXLCZ)995470000002457825 100 $a20141123d1975 ua 0 101 0 $aeng 135 $aurmn||||||||| 181 $ctxt$2rdacontent 182 $cc$2rdamedia 183 $acr$2rdacarrier 200 10$aLithium in unconsolidated sediments and plants of the basin and range province, southern California and Nevada /$fby Helen L. Cannon, Thelma F. Harms, and J.C. Hamilton 210 1$aWashington :$cUnited States Department of the Interior, Geological Survey,$d1975. 215 $a1 online resource (iii, 23 pages) $cillustrations 225 1 $aGeological Survey professional paper ;$v918 300 $aTitle from title screen (viewed October 2, 2014). 300 $a"A study of the accumulations of lithium in the evaporites, clays, freshwater limestones, waters, and vegetation of open and closed basins." 320 $aIncludes bibliographical references (pages 22-23). 606 $aLithium 606 $aSediments (Geology)$zCalifornia 606 $aSediments (Geology)$zNevada 606 $aPlants$xComposition 606 $aGroundwater$zCalifornia 606 $aGroundwater$zNevada 606 $aBotany$zCalifornia 606 $aBotany$zNevada 606 $aBotany$2fast 606 $aGroundwater$2fast 606 $aLithium$2fast 606 $aPlants$xComposition$2fast 606 $aSediments (Geology)$2fast 607 $aCalifornia$2fast 607 $aNevada$2fast 615 0$aLithium. 615 0$aSediments (Geology) 615 0$aSediments (Geology) 615 0$aPlants$xComposition. 615 0$aGroundwater 615 0$aGroundwater 615 0$aBotany 615 0$aBotany 615 7$aBotany. 615 7$aGroundwater. 615 7$aLithium. 615 7$aPlants$xComposition. 615 7$aSediments (Geology) 700 $aCannon$b Helen L.$f1911-1996,$01389426 702 $aHarms$b Thelma F. 702 $aHamilton$b J. C$g(John C.), 712 02$aGeological Survey (U.S.), 801 0$bCOP 801 1$bCOP 801 2$bOCLCO 801 2$bOCLCA 801 2$bOCLCF 801 2$bGPO 906 $aBOOK 912 $a9910706763103321 996 $aLithium in unconsolidated sediments and plants of the basin and range province, southern California and Nevada$93468112 997 $aUNINA